Normal view
MARC view
Entry Personal Name
001 - CONTROL NUMBER
- control field: 1237341
003 - CONTROL NUMBER IDENTIFIER
- control field: OSt
005 - DATE AND TIME OF LATEST TRANSACTION
- control field: 20260430150403.0
008 - FIXED-LENGTH DATA ELEMENTS
- fixed length control field: 260430|| aca||aabn | a|a d
040 ## - CATALOGING SOURCE
- Original cataloging agency: OSt
- Transcribing agency: OSt
100 ## - HEADING--PERSONAL NAME
- Personal name: University of Delhi. Faculty of Mathematical Sciences. Deptt. of Computer Science
670 ## - SOURCE DATA FOUND
- Source citation: Work cat.: (OSt)1849660: Sushil Kumar Au.; Meera Sharma Gu.; Muttoo S.K. Gu.; Singh V.B. Gu. 1237340, Prediction Models for Orthogonal Defect Classification, 2023
